Discrete-time signal processing

Guardado en:
Detalles Bibliográficos
Autores principales: Oppenheim, Alan V. (Autor), Schafer, Ronald W (Autor)
Formato: Libro
Lenguaje:inglés
Publicado: Upper Saddle River Pearson Higher Education 2010
Edición:3a. ed
Colección:Prentice-Hall Signal Processing Series
Materias:
Etiquetas: Agregar Etiqueta
Sin Etiquetas, Sea el primero en etiquetar este registro!

MARC

LEADER 00000cam a2200000 a 4500
001 UCF0258
003 CL-VaPUC
008 120510e20100000US |||||||||||||||||eng|d
020 |a 9780131988422 
082 0 4 |a 621.3822  |b OPP  |2 21 
100 |a Oppenheim, Alan V.  |e author  |9 363595 
700 0 |a Schafer, Ronald W  |e author  |9 562129 
245 1 0 |a Discrete-time signal processing 
250 |a 3a. ed 
300 |a 1108 p 
942 |c BK 
945 |d 20120510 00:00:00  |a cmena 
260 |a Upper Saddle River  |b Pearson Higher Education  |c 2010 
650 0 |a Procesamiento de señales   |9 260702 
650 0 |a Comunicación   |9 257251 
650 0 |a Análisis de señal   |9 434181 
650 0 |a Modelos matemáticos   |9 259437 
583 |a last modification  |c 20120928 04:49:35  |k Rodrigo Vera 
490 0 |a Prentice-Hall Signal Processing Series 
999 |c 347695  |d 347693 
952 |0 0  |1 0  |4 0  |6 621_382200000000000_OPP_2010  |7 0  |8 A  |9 449200  |a BIBING  |b BIBING  |d 2019-11-22  |i 4868838  |l 2  |o 621.3822 OPP 2010  |p 4868838  |r 2025-01-20  |s 2023-04-21  |w 2019-11-22  |y BK  |k EIE 
952 |0 0  |1 0  |3 erd  |4 0  |6 621_382200000000000_OPP_2010  |7 0  |8 A  |9 449201  |a BIBING  |b BIBING  |i 5091101  |l 2  |o 621.3822 OPP 2010  |p 5091101  |r 2025-01-20  |s 2022-06-16  |w 2019-11-22  |y BK  |z Catalogado en:20140724  |k EIE